000 00746nam a2200253 i 4500
001 6911
003 ES-MaACL
005 20230906145124.0
007 t|
008 900712s1986 sp ||||1| spa d
020 _a84-345-8381-X
080 _a551.5
080 _a551.583
100 1 _aGribbin, John.
_959976
245 1 3 _aEl Clima futuro /
_cJohn Gribbin.
260 _aBarcelona :
_bSalvat,
_c1986.
300 _aXIV, 240 p. :
_bil. ;
_c19 cm.
490 1 _aBiblioteca científica Salvat ;
_v58
650 1 4 _aClima-
_xOscilaciones.
_911121
650 1 4 _aMedio ambiente-
_xInfluencia humana.
_914956
830 0 _aBiblioteca científica Salvat ;
_v58
_9177703
852 _aES-MaACL
_jL-14143
_bR.117731
_z. - rust.
999 _c6911
_d6911